[Event "Arab CC-ch"]
[Site "Hammamet"]
[Date "2020.03.11"]
[Round "6.2"]
[White "Thaer, Abu Alhaija"]
[Black "Tagelsir, Abubaker"]
[Result "0-1"]
[WhiteElo "1860"]
[BlackElo "2191"]
[PlyCount "174"]
[EventDate "2020.03.08"]
[EventType "team-tourn"]
[EventRounds "7"]
[EventCountry "TUN"]
[SourceTitle "CBM 195 Extra"]
[Source "ChessBase"]
[SourceDate "2020.05.31"]
[SourceVersion "1"]
[SourceVersionDate "2020.05.31"]
[SourceQuality "1"]
[WhiteTeam "Jordan Royal Club"]
[BlackTeam "Alfrosia"]
[WhiteTeamCountry "JOR"]
[BlackTeamCountry "SUD"]

1. e4 d6 2. d4 Nf6 3. Nc3 g6 4. Be3 a6 5. f3 b5 6. Qd2 Nbd7 7. Nge2 Bb7 8. 0-0-0 Nb6 9. Ng3 h5 10. h4 Bg7 11. Be2 e6 12. Rdg1 Qe7 13. Kb1 Nfd7 14. Bg5 f6 15. Be3 0-0-0 16. a3 d5 17. Qc1 Nc4 18. Bxc4 dxc4 19. Rd1 Nb6 20. Nge2 Qf7 21. Nf4 f5 22. Nh3 Rd7 23. Ng5 Qg8 24. Ne2 Bf6 25. e5 Be7 26. Bd2 Nd5 27. Ba5 Rd8 28. Nf4 Nxf4 29. Qxf4 Bd5 30. c3 Kd7 31. Kc2 Rb8 32. Rd2 Qe8 33. Ra1 Rb7 34. Rdd1 Qa8 35. Rd2 Rbb8 36. Rdd1 Rbf8 37. Rh1 Qa7 38. Rad1 c5 39. Rhe1 cxd4 40. Rxd4 Bc5 41. Rd2 Ke7 42. Nh3 Kf7 43. Qg5 Be7 44. Qf4 Kg7 45. Ng5 Re8 46. Nh3 Rc8 47. Qg3 Bc5 48. Nf4 Qf7 49. Rxd5 exd5 50. e6 Qf6 51. Nxd5 f4 52. Qxf4 Qxf4 53. Nxf4 Bf2 54. Rd1 Bxh4 55. Bb6 Rhe8 56. Rd7+ Kh6 57. Bd4 Re7 58. Rd6 Bg3 59. Rd7 Rxd7 60. exd7 Rg8 61. Ne6 Bh4 62. Bb6 Be7 63. d8Q Bxd8 64. Bxd8 Re8 65. Bg5+ Kh7 66. Nd4 Re1 67. g3 Rf1 68. a4 bxa4 69. Be3 Rh1 70. Bg5 Rh2+ 71. Kb1 Rg2 72. Bh4 g5 73. Bxg5 Rxg3 74. Be7 Rg7 75. Bh4 Rg1+ 76. Ka2 Rh1 77. Be7 h4 78. Nf5 h3 79. Bd6 Rf1 80. Nd4 Rf2 81. Ka3 Kg6 82. Nc6 Rd2 83. Bc7 Kf5 84. Nd4+ Kf6 85. Nc6 Ke6 86. Nb8 Rd6 87. Nxa6 Rxa6 0-1